00751 2200193 4500001002100000005001500021035002000036245019600056100002000252250002000272300004800292856002800340700009000368260003900458082001000497084001600507020001800523600001600541INLIS00000000114589120251224010730 a0010-12250001341 aAplikasi konsep & Teori Keperawatan Maternitas postpartum dengan kematian janin /cPenulis; Diyan Indriyani, Editor; Rose Kusumaning, Desain Cover; Triat, Proofeader; Nurhid, Desain Isi; Joko0 aDiyan Indriyani aCetakan pertama a192 halaman :b---- ;c14,8 x 21 cmekertas aPerpustakaan Keliling 20 aPe Editor; Rose Kusumaning, Desain Cover; Triat, Proofeader; Nurhid, Desain Isi; Joko aYogyakarta :bAR-RUZZ MEDIA,c2024 a813.5 a813.5 DIY a a9786027874022 4aKeperawatan